Najlepsi Strzelcy Chelsea - Statystyki

Ogólne statystyki
  • Ten quiz został rozwiązany 160 razy
  • Średni wynik to 3 z 10
Statystyki odpowiedzi
Hint Odpowiedź % Poprawnych
164 goli Didier Drogba
96%
210 goli Frank Lampard
89%
110 goli Eden Hazard
67%
76 goli Gianfranco Zola
37%
87 goli Jimmy Floyd Hasselbaink
14%
134 goli Bobby Tambling
11%
138 goli Peter Osgood
11%
78 goli Eidur Gudjohnsen
9%
77 goli Kerry Dixon
8%
86 goli Tommy Baldwin
1%
Nie znaleziono quizów pasujących do podanych kryteriów
Rozkład punktacji
Procent ludzi z każdym wynikiem
Percentyl według liczby udzielonych odpowiedzi
Twoja historia wyników
Nie rozwiązałeś tego quizu